Individualized performance guide for college business law (Record no. 76476)
[ view plain ]
| 000 -LEADER | |
|---|---|
| fixed length control field | 01126nam a2200229 a 4500 |
| 008 - FIXED-LENGTH DATA ELEMENTS--GENERAL INFORMATION | |
| fixed length control field | 120416s1978 ||||||||||||||||| || u |
| 020 ## - INTERNATIONAL STANDARD BOOK NUMBER | |
| International Standard Book Number | 0070538867 |
| 050 ## - LIBRARY OF CONGRESS CALL NUMBER | |
| Classification number | KB 115 Ros |
| 100 ## - MAIN ENTRY--PERSONAL NAME | |
| Personal name | Byers, Edward E |
| 245 10 - TITLE STATEMENT | |
| Title | Individualized performance guide for college business law |
| 250 ## - EDITION STATEMENT | |
| Edition statement | 5th ed. |
| 260 ## - PUBLICATION, DISTRIBUTION, ETC. | |
| Place of publication, distribution, etc. | New York |
| Name of publisher, distributor, etc. | McGraw-Hill |
| Date of publication, distribution, etc. | 1978 |
| 300 ## - PHYSICAL DESCRIPTION | |
| Extent | iii, 180 pages |
| 350 ## - | |
| -- | 0.00 |
| 650 ## - SUBJECT ADDED ENTRY--TOPICAL TERM | |
| Topical term or geographic name entry element | LAW |
| 650 ## - SUBJECT ADDED ENTRY--TOPICAL TERM | |
| Topical term or geographic name entry element | COMMERCIAL LAW |
| 700 ## - ADDED ENTRY--PERSONAL NAME | |
| Personal name | Rosenberg, Reuben Robert |
| 995 ## - | |
| -- | ANNEX COLLECTION (Main Library) |
| -- | 0.00 |
| -- | 710324 |
| -- | CBU-MAIN LIBRARY (Kitwe) |
| -- | 4 |
| -- | 17.95 |
| -- | KB 115 Ros |
| -- | 2 |
| -- | AVAILABLE |
| -- | 009027 |
| -- | Annex Low-Usage Collection |
| 995 ## - | |
| -- | MAIN LIBRARY OPEN ACCESS |
| -- | 0.00 |
| -- | 710327 |
| -- | CBU-MAIN LIBRARY (Kitwe) |
| -- | 3 |
| -- | 17.95 |
| -- | KB 115 Ros |
| -- | 1 |
| -- | AVAILABLE |
| -- | 009026 |
| -- | Main Library Open Access Collection |
| 995 ## - | |
| -- | MAIN LIBRARY OPEN ACCESS |
| -- | 0.00 |
| -- | 710325 |
| -- | CBU-MAIN LIBRARY (Kitwe) |
| -- | 1 |
| -- | 17.95 |
| -- | KB 115 Ros |
| -- | 4 |
| -- | AVAILABLE |
| -- | 009029 |
| -- | Main Library Open Access Collection |
| 995 ## - | |
| -- | ANNEX COLLECTION (Main Library) |
| -- | 0.00 |
| -- | 710326 |
| -- | CBU-MAIN LIBRARY (Kitwe) |
| -- | 2 |
| -- | 17.95 |
| -- | KB 115 Ros |
| -- | 3 |
| -- | AVAILABLE |
| -- | 009028 |
| -- | Annex Low-Usage Collection |
| 999 ## - | |
| -- | 76476 |
| -- | 76476 |
| Withdrawn status | Lost status | Source of classification or shelving scheme | Damaged status | Not for loan | Permanent Location | Current Location | Shelving location | Date acquired | Total Checkouts | Full call number | Barcode | Date last seen | Copy number | Price effective from | Koha item type |
|---|---|---|---|---|---|---|---|---|---|---|---|---|---|---|---|
| CBU-MAIN LIBRARY, KITWE. | CBU-MAIN LIBRARY, KITWE. | 04/25/2023 | KB 115 Ros | 009027 | 04/25/2023 | 1 | 04/25/2023 | MONOGRAPH | |||||||
| CBU-MAIN LIBRARY, KITWE. | CBU-MAIN LIBRARY, KITWE. | 04/25/2023 | KB 115 Ros | 009026 | 04/25/2023 | 2 | 04/25/2023 | MONOGRAPH | |||||||
| CBU-MAIN LIBRARY, KITWE. | CBU-MAIN LIBRARY, KITWE. | 04/25/2023 | KB 115 Ros | 009029 | 04/25/2023 | 3 | 04/25/2023 | MONOGRAPH | |||||||
| CBU-MAIN LIBRARY, KITWE. | CBU-MAIN LIBRARY, KITWE. | 04/25/2023 | KB 115 Ros | 009028 | 04/25/2023 | 4 | 04/25/2023 | MONOGRAPH |